header

Microbiology : (Record no. 251329)

MARC details
000 -LEADER
fixed length control field 01166pam a2200313 a 4500
001 - CONTROL NUMBER
control field 1653507
003 - CONTROL NUMBER IDENTIFIER
control field OSt
005 - DATE AND TIME OF LATEST TRANSACTION
control field 20151116125358.0
008 - FIXED-LENGTH DATA ELEMENTS--GENERAL INFORMATION
fixed length control field 970530s1998 caua 001 0 eng
010 ## - LIBRARY OF CONGRESS CONTROL NUMBER
LC control number 97025184
020 ## - INTERNATIONAL STANDARD BOOK NUMBER
International Standard Book Number 0805385355
International Standard Book Number 0805379797 (disc)
040 ## - CATALOGING SOURCE
Original cataloging agency DLC
Transcribing agency DLC
Modifying agency DLC
050 00 - LIBRARY OF CONGRESS CALL NUMBER
Classification number QR41.2
Item number .T67 1998
082 00 - DEWEY DECIMAL CLASSIFICATION NUMBER
Classification number 579
Edition number 21
100 1# - MAIN ENTRY--PERSONAL NAME
Personal name Tortora, Gerard J.
245 10 - TITLE STATEMENT
Title Microbiology :
Remainder of title an introduction /
Statement of responsibility, etc Gerard J. Tortora, Berdell R. Funke, Christine L. Case.
250 ## - EDITION STATEMENT
Edition statement 6th ed.
260 ## - PUBLICATION, DISTRIBUTION, ETC. (IMPRINT)
Place of publication, distribution, etc Menlo Park, Calif. :
Name of publisher, distributor, etc Benjamin/Cummings,
Date of publication, distribution, etc c1998.
300 ## - PHYSICAL DESCRIPTION
Extent xxiv, 832 p. :
Other physical details ill. (some col.) ;
Dimensions 29 cm. +
Accompanying material 1 computer laser optical disc (4 3/4 in.)
500 ## - GENERAL NOTE
General note Includes index.
546 ## - LANGUAGE NOTE
Language note System requirements for accompanying computer disc: IBM-compatible PC; for Macintosh and Windows.
650 #0 - SUBJECT ADDED ENTRY--TOPICAL TERM
Topical term or geographic name as entry element Microbiology.
700 1# - ADDED ENTRY--PERSONAL NAME
Personal name Funke, Berdell R.
Personal name Case, Christine L.,
Dates associated with a name 1948-
906 ## - LOCAL DATA ELEMENT F, LDF (RLIN)
a 7
b cbc
c orignew
d 1
e ocip
f 19
g y-gencatlg
942 ## - ADDED ENTRY ELEMENTS (KOHA)
Source of classification or shelving scheme Library of Congress Classification
Koha item type Long Loan Books
Holdings
Withdrawn status Lost status Source of classification or shelving scheme Damaged status Not for loan Home library Current library Shelving location Date acquired Total Checkouts Full call number Barcode Date last seen Date checked out Price effective from Koha item type
    Library of Congress Classification     Rongo University Library Rongo University Library General Stacks 16/11/2015 12 QR41.2 .T67 1998 20157522 25/11/2019 18/11/2019 16/11/2015 Long Loan Books

© 2026 Rongo University
Contact us: librarian | system librarian | Rongo university